| 000 | 00564nam a2200181 i 4500 | ||
|---|---|---|---|
| 001 | 56877 | ||
| 003 | ES-MaACL | ||
| 005 | 20230906163448.0 | ||
| 007 | t| | ||
| 008 | 031014s1972 sp ||||1| spa d | ||
| 100 | 1 |
_aDobb, Maurice. _944930 |
|
| 245 | 1 | 0 |
_aEconomía del bienestar social y economía del socialismo / _cpor Maurice Dobb ; [traducción de Ramón Salvat]. |
| 250 | _a[2ª ed.]. | ||
| 260 |
_a[Madrid] : _bSiglo Veintiuno, _c[1972] |
||
| 300 |
_aVIII, 356 p. ; _c18 cm. |
||
| 700 | 1 |
_aSalvat, Ramón. _9102117 |
|
| 852 |
_aES-MaACL _jA-10244 _bR.99488 |
||
| 999 |
_c56877 _d56877 |
||